000 00859nam a2200265Ia 4500
003 OSt
005 20221005051220.0
006 a|||||r|||| 00| 0
007 ta
008 221004b |||||||| |||| 00| 0 eng d
020 _a9780857289797 (hbk)
_c4797.60
024 _a119619
037 _b6514, 19/03/2012, Efficient Book Distributors
_cTextual
040 _aCRL
_cCRL
_beng
041 _2eng
_aeng
082 _aX8(H191):5.1, Q0
100 _aSmillie Ian
_9283350
245 0 _aBlood on the stone
_b Greed, corruption and war in the global diamond trade
260 _aLondon
_bAnthem Press UK
_c2010
300 _axiv,237p.
_ccm.
650 _a DIAMONDS INDUSTRY
_9595733
650 _aECONOMICS
942 _hX8(H191):5.1, Q0
_cTEXL
_2cc
999 _c958429
_d958429